| 000 | 01010nam0a22002891 4500 | ||
|---|---|---|---|
| 001 | RU\INFOCOMM_322\NLR\5000240603 | ||
| 005 | 20250613112532.0 | ||
| 035 | _a(NLR Aleph) 009612711 | ||
| 090 |
_a9382264 _c9382264 |
||
| 100 | _a20130318d1968 |||y0rusy50 ca | ||
| 101 | 0 | _aeng | |
| 102 | _aRU | ||
| 105 | _ay z ||||| | ||
| 200 | 1 |
_aParticle fluxes in the outer geomagnetic field _fS. N. Vernov, E. B. Gortchakov, S. N. Kuznetsov [и др.] |
|
| 210 |
_a[M. _d1968] |
||
| 215 |
_a31, [16] с. _cил. _d22 см |
||
| 300 | _aВ вып. дан.: С. Н. Вернов [и др.]. Потоки частиц во внешнем геомагнитном поле | ||
| 309 | _aОтпеч. множит. аппаратом | ||
| 320 | _aБиблиогр.: с. 22-27 | ||
| 620 | _aМосква | ||
| 686 |
_aД214.21 _2rubbk |
||
| 700 | 1 |
_aVernov _bS. N. _f1910 _gSergej Nikolaevič |
|
| 801 | 1 |
_aRU _bInfocomm _c20130318 |
|
| 801 | 0 |
_aRU _bINFOCOMM _gPSBO |
|
| 852 |
_aNLR _jГн11 Д-6/2 |
||
| 942 | _cBOOK | ||
| 980 | _aNB | ||